| Tag |
First Indicator |
Second Indicator |
Subfields |
| LEADER |
00000cas a2200000 a 4500 |
| 001 |
in00000068159 |
| 005 |
20151008051342.0 |
| 008 |
751101d19691994oncqr4p 0uuua0eng |
| 010 |
|
|
|a 76018021
|
| 012 |
|
|
|a 3
|e s
|
| 022 |
|
|
|a 0036-634X
|
| 035 |
|
|
|a (OCoLC)01765109
|
| 035 |
|
|
|9 AAG7358AM
|
| 040 |
|
|
|a MUL
|c MUL
|d COO
|d NLC
|d DLC
|d TXA
|d UtOrBLW
|
| 042 |
|
|
|a nlc
|a isds/c
|a lc
|
| 049 |
|
|
|a TXAE
|
| 050 |
0 |
0 |
|a Z286.S37
|b S33
|
| 082 |
0 |
|
|a 655.4
|
| 210 |
0 |
|
|a Sch. publ.
|
| 222 |
|
0 |
|a Scholarly publishing
|
| 245 |
0 |
0 |
|a Scholarly publishing.
|
| 264 |
|
1 |
|a Toronto :
|b University of Toronto Press,
|c ©1969-©1994.
|
| 300 |
|
|
|a 25 volumes ;
|c 25 cm.
|
| 310 |
|
|
|a Quarterly
|
| 336 |
|
|
|a text
|b txt
|2 rdacontent
|
| 337 |
|
|
|a unmediated
|b n
|2 rdamedia
|
| 338 |
|
|
|a volume
|b nc
|2 rdacarrier
|
| 362 |
0 |
|
|a Vol. 1, no.1 (Oct. 1969)-v. 25, no. 2 (Jan. 1994).
|
| 500 |
|
|
|a "A journal for authors and publishers."
|
| 500 |
|
|
|a Title from cover.
|
| 555 |
|
|
|a Vols. 1-5, 1969/70-1973/74, in v. 5.
|
| 650 |
|
0 |
|a Publishers and publishing
|v Periodicals.
|
| 650 |
|
0 |
|a Scholarly publishing
|x Periodicals.
|
| 785 |
0 |
0 |
|t Journal of scholarly publishing
|w (DLC) 94660897
|w (OCoLC)30471520
|
| 948 |
|
|
|a t1
|
| 999 |
|
|
|a MARS
|
| 999 |
f |
f |
|s 9d7a7a9e-086c-3ecd-a9cd-44b2ad1f5ded
|i 6f621d88-3bb7-375d-9d4f-edc1a18782d3
|t 0
|
| 952 |
f |
f |
|p ric
|a Texas A&M University
|b Rellis Campus
|c Joint Library Facility
|d Remote Storage
|t 0
|e Z286.S37 S33
|h Library of Congress classification
|i unmediated -- volume
|k v.17
|l 1985/1986
|m A14842801665
|
| 952 |
f |
f |
|p ric
|a Texas A&M University
|b Rellis Campus
|c Joint Library Facility
|d Remote Storage
|t 0
|e Z286.S37 S33
|h Library of Congress classification
|i unmediated -- volume
|k v.11
|l 1979/1980
|m A14842801533
|
| 952 |
f |
f |
|p ric
|a Texas A&M University
|b Rellis Campus
|c Joint Library Facility
|d Remote Storage
|t 0
|e Z286.S37 S33
|h Library of Congress classification
|i unmediated -- volume
|k v.15
|l 1983/1984
|m A14842801442
|
| 952 |
f |
f |
|p ric
|a Texas A&M University
|b Rellis Campus
|c Joint Library Facility
|d Remote Storage
|t 0
|e Z286.S37 S33
|h Library of Congress classification
|i unmediated -- volume
|k v.9
|l 1977/1978
|m A14811122561
|
| 952 |
f |
f |
|p ric
|a Texas A&M University
|b Rellis Campus
|c Joint Library Facility
|d Remote Storage
|t 0
|e Z286.S37 S33
|h Library of Congress classification
|i unmediated -- volume
|k v.10
|l 1978/1979
|m A14842801426
|
| 952 |
f |
f |
|p ric
|a Texas A&M University
|b Rellis Campus
|c Joint Library Facility
|d Remote Storage
|t 0
|e Z286.S37 S33
|h Library of Congress classification
|i unmediated -- volume
|k v.6
|l 1974/1975
|m A14842379993
|
| 952 |
f |
f |
|p ric
|a Texas A&M University
|b Rellis Campus
|c Joint Library Facility
|d Remote Storage
|t 0
|e Z286.S37 S33
|h Library of Congress classification
|i unmediated -- volume
|k v.13
|l 1981/1982
|m A14842801541
|
| 952 |
f |
f |
|p ric
|a Texas A&M University
|b Rellis Campus
|c Joint Library Facility
|d Remote Storage
|t 0
|e Z286.S37 S33
|h Library of Congress classification
|i unmediated -- volume
|k v.12
|l 1980/1981
|m A14842801434
|
| 952 |
f |
f |
|p ric
|a Texas A&M University
|b Rellis Campus
|c Joint Library Facility
|d Remote Storage
|t 0
|e Z286.S37 S33
|h Library of Congress classification
|i unmediated -- volume
|k v.5
|l 1973/1974
|m A14842379886
|
| 952 |
f |
f |
|p ric
|a Texas A&M University
|b Rellis Campus
|c Joint Library Facility
|d Remote Storage
|t 0
|e Z286.S37 S33
|h Library of Congress classification
|i unmediated -- volume
|k v.16
|l 1984/1985
|m A14842801558
|
| 952 |
f |
f |
|p ric
|a Texas A&M University
|b Rellis Campus
|c Joint Library Facility
|d Remote Storage
|t 0
|e Z286.S37 S33
|h Library of Congress classification
|i unmediated -- volume
|k v.21
|l 1989/1990
|m A14812915250
|
| 952 |
f |
f |
|p ric
|a Texas A&M University
|b Rellis Campus
|c Joint Library Facility
|d Remote Storage
|t 0
|e Z286.S37 S33
|h Library of Congress classification
|i unmediated -- volume
|k v.18
|l 1986/1987
|m A14811380800
|
| 952 |
f |
f |
|p ric
|a Texas A&M University
|b Rellis Campus
|c Joint Library Facility
|d Remote Storage
|t 0
|e Z286.S37 S33
|h Library of Congress classification
|i unmediated -- volume
|k v.25
|l 1993/1994
|m A14818769348
|
| 952 |
f |
f |
|p ric
|a Texas A&M University
|b Rellis Campus
|c Joint Library Facility
|d Remote Storage
|t 0
|e Z286.S37 S33
|h Library of Congress classification
|i unmediated -- volume
|k v.22
|l 1990/1991
|m A14815320967
|
| 952 |
f |
f |
|p ric
|a Texas A&M University
|b Rellis Campus
|c Joint Library Facility
|d Remote Storage
|t 0
|e Z286.S37 S33
|h Library of Congress classification
|i unmediated -- volume
|k v.7
|l 1975/1976
|m A14842380009
|
| 952 |
f |
f |
|p ric
|a Texas A&M University
|b Rellis Campus
|c Joint Library Facility
|d Remote Storage
|t 0
|e Z286.S37 S33
|h Library of Congress classification
|i unmediated -- volume
|k v.14
|l 1982/1983
|m A14842801657
|
| 952 |
f |
f |
|p ric
|a Texas A&M University
|b Rellis Campus
|c Joint Library Facility
|d Remote Storage
|t 0
|e Z286.S37 S33
|h Library of Congress classification
|i unmediated -- volume
|k v.3
|l 1971/1972
|m A14842379985
|
| 952 |
f |
f |
|p ric
|a Texas A&M University
|b Rellis Campus
|c Joint Library Facility
|d Remote Storage
|t 0
|e Z286.S37 S33
|h Library of Congress classification
|i unmediated -- volume
|k v.1
|l 1969/1970
|m A14842379977
|
| 952 |
f |
f |
|p ric
|a Texas A&M University
|b Rellis Campus
|c Joint Library Facility
|d Remote Storage
|t 0
|e Z286.S37 S33
|h Library of Congress classification
|i unmediated -- volume
|k v.2
|l 1970/1971
|m A14842379761
|
| 952 |
f |
f |
|p ric
|a Texas A&M University
|b Rellis Campus
|c Joint Library Facility
|d Remote Storage
|t 0
|e Z286.S37 S33
|h Library of Congress classification
|i unmediated -- volume
|k v.4
|l 1972/1973
|m A14842379878
|
| 952 |
f |
f |
|p ric
|a Texas A&M University
|b Rellis Campus
|c Joint Library Facility
|d Remote Storage
|t 0
|e Z286.S37 S33
|h Library of Congress classification
|i unmediated -- volume
|k v.24
|l 1992/1993
|m A14817903224
|
| 952 |
f |
f |
|p ric
|a Texas A&M University
|b Rellis Campus
|c Joint Library Facility
|d Remote Storage
|t 0
|e Z286.S37 S33
|h Library of Congress classification
|i unmediated -- volume
|k v.19
|l 1987/1988
|m A14811933239
|
| 952 |
f |
f |
|p ric
|a Texas A&M University
|b Rellis Campus
|c Joint Library Facility
|d Remote Storage
|t 0
|e Z286.S37 S33
|h Library of Congress classification
|i unmediated -- volume
|k v.8
|l 1976/1977
|m A14842801418
|
| 952 |
f |
f |
|p ric
|a Texas A&M University
|b Rellis Campus
|c Joint Library Facility
|d Remote Storage
|t 0
|e Z286.S37 S33
|h Library of Congress classification
|i unmediated -- volume
|k v.20
|l 1988/1989
|m A14812025267
|
| 952 |
f |
f |
|p ric
|a Texas A&M University
|b Rellis Campus
|c Joint Library Facility
|d Remote Storage
|t 0
|e Z286.S37 S33
|h Library of Congress classification
|i unmediated -- volume
|k v.23
|l 1991/1992
|m A14816130535
|
| 998 |
f |
f |
|a Z286.S37 S33
|s v.25:no.1-4 (1993/1994:Oct.-July)
|t 0
|l Remote Storage
|